Quiz Albert Camus - Statistiques

Statistiques générales
  • Ce quiz a été pris 188 fois
  • Le résultat moyen est 12 sur 15
Statistiques - réponses
Hint Réponse % Correct
Maladie dont il souffrait Tuberculose
96%
En 1957 il obtient Prix Nobel
95%
Il a commencé sa carrière en tant que Journaliste
94%
Ami puis ennemi de Camus Jean-Paul Sartre
92%
Il a eu une grande histoire d'amour avec la comédienne Maria Casares
92%
Cause de sa mort Accident de voiture
89%
Titre de l'essai basé sur un mythe grec Mythe de Sisyphe
86%
Ville de naissance d'Albert Camus Mondovi
85%
Face à l'absurdité de la vie, Albert Camus prône L'acceptation
83%
La philosophie de Camus est basée sur L'absurde
80%
Nom de son instituteur qui lui apprend à lire Louis Germain
78%
Livre publié en 1942 L'étranger
74%
Livre dont le personnage principal est Jean-Baptiste Clamence La chute
67%
Première pièce écrite en 1939 Caligula
53%
Livre publié à titre posthume Premier Homme
44%
Aucun quiz correspondant
Distribution des résultats
% des personnes avec chaque résultat
Percentile par nombre de réponses
Votre historique - résultats
Vous n’avez pas pris ce quiz